000 00456nam a2200145Ia 4500
008 100415s9999 xx 000 0 und d
082 _b12029
_a574.52(5475)
100 _aMehta SS
245 _aSaradar Sarovar Project : A Boon to Gujarat
260 _aGANDHINAGAR
_c1988
_bSARADAR SAROVAR NARMADA NIGAM
365 _b0
630 _aSaradar Sarovar Project : A Boon to Gujarat
730 _aSaradar Sarovar Project : A Boon to Gujarat
942 _cBOOK
999 _c594946
_d594943